=LDR 00000nam 2200000 4500 =001 INLIS000000000037123 =005 20200226073437 =035 ##$$a 0010-061300000037123 =008 200226################g##########0#ind## =041 ##$$a Ind =082 ##$$a 177.7 =090 ##$$a 177.7, Chi c =245 ##$$a Chicken soup for the grandparent's soul, kisah-kisah tiga generasi yang indah dan menyentuh tentang cinta dan kasih sayang /$c Jack Canfield...[et.al] =260 ##$$a Jakarta :$b PT. Gramedia Pustaka Utama,$c 2002 =300 ##$$a xxiii, 383 hlm. : $b ilus. ; $c 13 x 20 cm =650 #4$$a Kasih Sayang =850 ##$$a NBPNMAT =020 ##$$a 978-979-22-4673-5 =084 ##$$a 177.7 CHI c =990 ##$$a 21103205 =990 ##$$a 21103204